| 000 | 00407cam a2200169ua 4500 | ||
|---|---|---|---|
| 020 | _c1.00 | ||
| 041 |
_aeng _h |
||
| 082 |
_a320.58 _bGAN/ME |
||
| 100 | _aGandhi, M K. | ||
| 245 |
_aMessage of the Gita / _cM K Gandhi. _hTextual Documents |
||
| 260 |
_aAhmadabad : _bNavajivan publishing house , _c1959. |
||
| 300 | _a40 ; . | ||
| 365 | _a1.00 | ||
| 504 | _a | ||
| 942 | _cBK | ||
| 999 |
_c2357 _d2357 |
||